000 00646nam a2200229 4500
003 OSt
005 20260530113849.0
008 260417b1975 sp |||| |||| 00| 0 spa d
020 _a8470531425
040 _aICI
_bspa
_cICI
050 _aTS171
_bB64
100 1 _aGui Bonsiepe
_d1934-,
_931085
245 1 0 _aDiseño industrial
_bArtefacto y proyecto /
_cGui bonsiepe
264 1 _bAlberto Corazón,
_c1975
_aMadrid :
300 _a252 páginas
336 _atexto
_2rdacontent
337 _asin medio
_2rdamedia
338 _avolumen
_2rdacarrier
490 _aDocumentación/debates
650 4 _aDiseño industrial
_915218
942 _2ddc
_cBK
999 _c11401
_d11401